000 00731nam a2200181Ia 4500
008 151202s9999||||xx |||||||||||||| ||und||
082 _bPNVM-69997
100 _aराजाध्यक्ष मं. गो.
245 _aकागद कॅनव्हास आणि कुंचला.
260 _b"नवचैतन्य प्रकाशन,बोरोवली."
260 _c69997
300 _a212
600 _aराजाध्यक्ष मं. गो.
630 _aकागद कॅनव्हास आणि कुंचला.
700 _aराजाध्यक्ष मं. गो.
730 _aकागद कॅनव्हास आणि कुंचला.
942 _cBOOK
999 _c1336507
_d1336504